| 000 | 00390nam a22001337a 4500 | ||
|---|---|---|---|
| 082 | _a345.491056 AWA | ||
| 100 | _aAwan, Hakim Amir Bakhsh | ||
| 245 |
_aSuits & Defences 1947-2018 / _cHakim Amir Bakhsh Awan |
||
| 260 |
_aLahore : _bMansoor Book House, _c2018. |
||
| 300 |
_a1312 p. ; _c24 cm. |
||
| 942 |
_2ddc _cBK |
||
| 999 |
_c587002 _d587002 |
||